| 000 | 00711cam a22002294a 4500 | ||
|---|---|---|---|
| 020 | _a0073659487 | ||
| 040 | _cDLC | ||
| 082 | 0 | 0 | _a338 HIL 2000 A074 Or. |
| 100 | 1 | _aFik, T. J. | |
| 245 | 1 | 4 |
_aThe geography of economic development : _bregional changes, global challenges / |
| 250 | _a2nd ed. | ||
| 260 |
_aBoston : _bMcGraw-Hill, _cc2000. |
||
| 300 |
_axii, 294 p. : _bill. ; _c29 cm. |
||
| 650 | 0 | _aEconomic geography. | |
| 650 | 0 | _aSpace in economics. | |
| 650 | 0 | _aEconomic development. | |
| 650 | 0 | _aRegional economics. | |
| 650 | 0 | _aPopulation | |
| 856 | 4 | 2 | _uhttp://www.loc.gov/catdir/description/mh023/99028131.html |
| 856 | 4 | 1 | _uhttp://www.loc.gov/catdir/toc/mh023/99028131.html |
| 942 | _cEK | ||
| 999 |
_c15092 _d15092 |
||